Noms alternatifs des départements français - Statistiques

Statistiques générales
  • Ce quiz a été pris 6 461 fois
  • Le résultat moyen est 9 sur 20
Statistiques - réponses
Nom alternatif Département % Correct
Deux-Flandres Nord
76%
Cotentin Manche
72%
Périgord Dordogne
70%
Bresse Ain
60%
Béarn Pyrénées-Atlantiques
60%
Angoumois Charente
56%
Touraine Indre-et-Loire
56%
Artois Pas-de-Calais
55%
Roussillon Pyrénées-Orientales
54%
Velay Haute-Loire
49%
Bigorre Hautes-Pyrénées
49%
Forez Loire
45%
Gévaudan Lozère
43%
Armagnac Gers
36%
Quercy Lot
32%
Rouergue Aveyron
31%
Bourbonnais Allier
28%
Barrois Meuse
24%
Vivarais Ardèche
18%
Marche Creuse
16%
Aucun quiz correspondant
Distribution des résultats
% des personnes avec chaque résultat
Percentile par nombre de réponses
Votre historique - résultats
Vous n’avez pas pris ce quiz